| 000 | 00437nam a22001697a 4500 | ||
|---|---|---|---|
| 003 | CEME | ||
| 005 | 20210628203834.0 | ||
| 008 | 210308b xxu||||| |||| 00| 0 eng d | ||
| 020 | _a0-9622264-9-1 | ||
| 040 | _c. | ||
| 082 | _a658.562 SOH'T | ||
| 100 |
_aMassaro, G.A , Bayless, D.L , Roche, N.K , Scholtes, Peter R _967514 |
||
| 245 | _aThe team handbook for quality | ||
| 260 |
_bJOINER _c1994 |
||
| 300 | _aV.P | ||
| 942 |
_cBK _2ddc |
||
| 999 |
_c575277 _d575277 |
||